000 00204nam a22000977a 4500
041 _aeng
080 _a80
100 _aКаушанская, В. Л.
245 _aEnglish Grammar Exercises.
999 _c280506
_d280506
942 _cBK